00977 a2200241 4500003000500000005001700005010001600022020001500038040000900053082001700062100002900079245008200108250001100190260003700201300003600238490004400274505020000318650002400518700003600542942001200578999001900590952012600609Nust20230119155322.0 a 75012941 a0070448256 cNust00a660.2842,MCC1 aMcCabe, Warren L.94473910aUnit operations of chemical engineering /cWarren L. McCabe, Julian C. Smith. a3d ed. aNew York :bMcGraw-Hill,cc1976. aviii, 1028 p. :bill. ;c25 cm.0 aMcGraw-Hill chemical engineering series aIntroduction (Page-3), Fluid Mechanics (Page-29), Heat Transfer and its Applications (Page-265), Mass Transfer and its Applications (Page-465), Operations Involving Particulate Solids (Page-801). 0aChemical processes.1 aSmith, Julian C.d1919-9107154 2ddccBK c185000d185000 00102ddc4070aMCSbMCScGENd2016-12-12o660.2842,MCCpMCS21339r2016-12-08w2016-12-12yBKzAlmirah No.55, Shelf No.4